Normal view
MARC view
- De, P.K
Entry Personal Name
001 - CONTROL NUMBER
- control field: 62134
003 - CONTROL NUMBER IDENTIFIER
- control field: NUST
005 - DATE AND TIME OF LATEST TRANSACTION
- control field: 20210628202900.0
008 - FIXED-LENGTH DATA ELEMENTS
- fixed length control field: 210628|| aca||aabn | a|a d
040 ## - CATALOGING SOURCE
- Original cataloging agency: NUST
- Transcribing agency: NUST
100 ## - HEADING--PERSONAL NAME
- Personal name: De, P.K
670 ## - SOURCE DATA FOUND
- Source citation: Work cat.: (NUST): De, P.K, Computer based numerical methods and statistical techniques, with introduction to matlab, 2006
